Stati per minore aspettativa di vita - Africa - Statistics

Statistiche generali
  • Questo quiz è stato fatto 11 volte
  • Il punteggio medio è 6 su 10
Statistiche sulle risposte
Aspettativa di vita alla nascita (anni) Nazione % Corretto
52,68 Nigeria
90%
58,94 Mali
80%
55,28 Somalia
80%
52,52 Ciad
70%
58,89 Guinea
60%
54,98 Sud Sudan
60%
53,90 Repubblica Centrafricana
50%
53,06 Lesotho
40%
57,07 eSwatini
30%
58,60 Costa d'Avorio
20%
Nessun quiz corrispondente trovato
Distribuzione punteggi
Percentuale di utenti per punteggio
Percentile per numero di risposta
I tuoi punteggi nel tempo
Non hai fatto questo quiz